| 000 | 00361 a2200133 4500 | ||
|---|---|---|---|
| 001 | 91532 | ||
| 082 | _aPR 1487 | ||
| 090 |
_c43668 _d43667 |
||
| 100 | _aWajahat Ali Kazmi; Prof Wajih H. Hashmi, Advisor | ||
| 245 |
_aMatlab Modeling of Radar Jamming Techniques _n57 'B" EC |
||
| 260 |
_aRawalpindi _bNUST _c2003 |
||
| 300 | _a75p | ||
| 500 | _aBE Project Reports | ||
| 942 |
_aCAE NUST _kPR 1487 |
||
| 999 |
_c326605 _d326605 |
||